Statistics for Food that starts with A-Z

Click here to take the quiz!

General Stats

  • This quiz has been taken 223 times
    (204 since last reset)
  • The average score is 18 of 26

Answer Stats

Answer% Correct
Apple
100%
Banana
100%
Carrot
99%
Eggplant
97%
Ice Cream
94%
Kiwi
94%
Lemon
94%
Mushroom
93%
Watermelon
93%
Strawberry
90%
Turkey
89%
Jam
88%
Potato
87%
Rice
87%
Zucchini
82%
Vanilla
70%
Yam
69%
Date
65%
Guava
58%
Quiche
58%
Nutmeg
43%
Olive
39%
Fennel
33%
Hackberry
2%
Umbrella Fruit
1%
Xinomavro Grapes
1%

Score Distribution

Percentile by Number Answered

Percent of People with Each Score

Your Score History

You have not taken this quiz since the last reset